The Alternating Double Auction Market : (Record no. 619980)

MARC details
000 -LEADER
fixed length control field 00541nam a2200193 a 4500
008 - FIXED-LENGTH DATA ELEMENTS--GENERAL INFORMATION
fixed length control field 260427s1998##################000#0#eng##
020 ## - INTERNATIONAL STANDARD BOOK NUMBER
ISBN 9783540648956
082 04 - DEWEY DECIMAL CLASSIFICATION NUMBER
Classification number 381.17
Item number SAD
100 1# - MAIN ENTRY--AUTHOR NAME
Personal name Sadrieh, Abdolkarim,
245 10 - TITLE STATEMENT
Title The Alternating Double Auction Market :
260 ## - PUBLICATION, DISTRIBUTION, ETC. (IMPRINT)
Name of publisher Springer Science & Business Media,
Year of publication 1998.
300 ## - PHYSICAL DESCRIPTION
Number of Pages 364 pages
650 #0 - SUBJECT ADDED ENTRY--TOPICAL TERM
Topical Term Business & Economics.
942 ## - ADDED ENTRY ELEMENTS (KOHA)
Koha item type English Books
Holdings
Withdrawn status Lost status Damaged status Not for loan Home library Current library Date acquired Full call number Accession Number Price effective from Koha item type
        Anna Centenary Library Anna Centenary Library 27.04.2026 381.17 SAD 317551 27.04.2026 English Books

Find us on the map